00339nam a2200133Ia 4500008004100000040001900041041001200060082002500072245002400097260003100121300002400152650001100176850001800187131103s9999 xx 000 0 und d aLoreto College aEnglish a745/CRAbLCBED/14444 aCrafts for holidays aNew YorkbSimplicityc1983 a64p.b ill.c 23cm. aCrafts aLCBED/745/CRA